[Event "Sherbrooke Perpetuelles 05-12"]
[Site "Sherbrooke"]
[Date "2003.12.12"]
[Round "2"]
[White "Labranche, Francois"]
[Black "Filiatreault, Marc"]
[Result "1-0"]
[WhiteElo "669"]
[BlackElo "1132"]
[PlyCount "39"]
[EventDate "2003.12.05"]
[EventType "swiss"]
[EventRounds "5"]
[EventCountry "CAN"]
[SourceTitle "EXT 2008"]
[Source "ChessBase"]
[SourceDate "2007.11.25"]
[SourceVersion "1"]
[SourceVersionDate "2007.11.25"]
[SourceQuality "1"]

1. e4 e5 2. Nf3 Nc6 3. Bc4 Qe7 4. b3 Nf6 5. Nc3 g6 6. d3 Nd4 7. Bg5 Bg7 8. Nd5 Qc5 9. Nxf6+ Bxf6 10. Bxf6 0-0 11. c3 Qa5 12. b4 Qb6 13. Bxe5 Nxf3+ 14. Qxf3 d5 15. Bxd5 a5 16. Qg3 axb4 17. Rb1 c5 18. Qf3 Bd7 19. Qf4 Be6 20. Qf6 1-0